| 000 | 00614nam a22001697a 4500 | ||
|---|---|---|---|
| 003 | OSt | ||
| 005 | 20171010095504.0 | ||
| 008 | 120730t xxu||||| |||| 00| 0 eng d | ||
| 040 |
_aMMSU _cULS |
||
| 100 |
_aRamos, Rei Karlo A. _911605 |
||
| 245 |
_aPotential toxicity of some green leafy vegetables consumed in the City of Batac using brine shrimp toxicity test _cRei Karlo A. Ramos |
||
| 260 | _c2008 | ||
| 300 |
_axvi, 69 leaves _c28 cm. |
||
| 500 | _aThesis (BS Biology) -- Mariano Marcos State University-College of Arts & Sciences, Batac City | ||
| 504 | _aBibliography: leaves 38-40 | ||
| 942 |
_2ddc _cTHEDIS |
||
| 999 |
_c9666 _d9666 |
||